Statistics for FIFA 19 Top 10 Left Back

Click here to take the quiz!

General Stats

  • This quiz has been taken 62 times
  • The average score is 7 of 10

Answer Stats

Rank Player OVA % Correct
1Marcelo88
98%
2Jordi Alba87
95%
3Alex Sandro86
86%
4David Alaba85
83%
5Filipe Luis85
80%
8Marco Alonso82
76%
10Andrew Robertson81
69%
6Alex Telles84
39%
7Lucas Hernandez82
37%
9Aleksandar Kolarov82
27%

Score Distribution

Percentile by Number Answered

Percent of People with Each Score

Your Score History

You have not taken this quiz